| 000 | 00927nam a2200229Ia 4500 | ||
|---|---|---|---|
| 005 | 20260430150741.0 | ||
| 008 | 008 250103s9999 xx 000 0 hin d | ||
| 037 | _aTheses | ||
| 040 | _aCRL | ||
| 040 | _bhin | ||
| 040 | _chin | ||
| 041 | _2hin | ||
| 041 | _ahin | ||
| 084 | _qCRL | ||
| 100 |
_aआर्यन, राहुल राज, ले. _9865623 |
||
| 245 | 0 | _aराष्ट्रीय जागरण का प्रकल्प और प्रेमचंद की पत्रकारिता: संदर्भ, ‘माधुरी’, ‘मर्यादा’, ‘हंस’ और ‘जागरण’, पत्रिका: समय 1921 - 1936 ई0 | |
| 260 | _c2022 | ||
| 300 | _a393पृ0 | ||
| 700 | _aदिल्ली विश्वविद्यालय. कला संकाय. हिन्दी विभाग | ||
| 942 | _cTH | ||
| 999 |
_c1850595 _d1850595 |
||